Z-1 SU KÜPÜ (Record no. 588725)

MARC details
000 -LEADER
sabit uzunluktaki kontrol alanı 00258nam a2200109Ia 4500
001 - KONTROL NUMARASI
kontrol alanı 588725
005 - EN SON İŞLEMİN TARİH VE ZAMANI
kontrol alanı 20250717120836.0
008 - SABİT-UZUNLUKTA VERİ ÖĞELERİ--GENEL BİLGİ
sabit uzunluktaki kontrol alanı 250717s9999 xx 000 0 und d
245 #0 - ESER / YAZAR
ESER ADI Z-1 SU KÜPÜ
Yazar Adı NURAN TURAN
260 ## - YAYIN, DAĞITIM, VB.
YAYIN EVİ ERDEM YAYINLARI
Yayın, dağıtım tarihi, vb. 2020
300 ## - FİZİKSEL AÇIKLAMA
Diğer fiziksel ayrıntılar 79

No items available.